Borch (Derborg; Terborch; Terborg), Johannes de (Hans der)
| Titel: | Borch (Derborg; Terborch; Terborg), Johannes de (Hans der) |
|---|---|
| Verfasser: | |
| In: |
Saur Allgemeines Künstlerlexikon ; 12. Bobrov - Bordac̆ev, (1996), Seite 666 alle Artikel anzeigen |
| Veröffentlicht: | 1996 |
| Format: | Aufsatz |
| Sprache: | Deutsch |
X
alg: 39151440 001A $01999:11-11-16 001B $01999:15-05-21 $t20:55:15.000 001D $01999:11-11-16 001U $0utf8 001X $00 002@ $0Aox 003@ $0391514407 007A $0391514407 $aHEB 007T $0Herd07514 010@ $ager 011@ $a1996 021A $aBorch (Derborg; Terborch; Terborg), Johannes de (Hans der) 028A $7120567008 $8Tiede, Jürgen$Z1940- [Tp3] $9152141413 031A $h666 $j1996 039B $aIn $8--Afu--. Saur Allgemeines Künstlerlexikon ; 12. Bobrov - Bordac̆ev. - München : Saur, 1996. - XIV, 680 Seiten. - ISBN 3-598-22752-3 $x199600000000000334 $9045721734 045F $a929.0943816 $eDDC23BSB 045F/01 $a929 045F/03 $g43816 lok: 39151440 78 exp: 39151440 78 1 #EPN 201B/01 $020-12-17 $t22:59:49.000 201U/01 $0utf8 203@/01 $0787608556 208@/01 $a11-11-16 $be 209A/01 $a/ $f000 $x00 220C/01 $aTitelaufnehmer: jk 244Z/01 $2Trx $#Pomeranija $#Pommern $#Pomoransko $#Pomořansko $#Hinterpommern;Vorpommern;Mittelpommern $#Pomorze Środkowe;Pomorze Przednie $#Pomořansko;Západní Pomořany; Pomořany $8--Trx--Pomorze Zachodnie $x01 $9391303775 244Z/01 $#Greifswald $#Gryphisvaldia $#Universitäts- und Hansestadt Greifswald $#Hansestadt Greifswald $#Gryphiswaldiae $#Greifsvaldas $#Gryfia $#Gryphia $74021965-3 $8--Tg1--Greifswald $x02 $9085053651 244Z/01 $aGeschichte 1568-1569 $x03 244Z/01 $2Trx $8--Trx--Borch, Johannes de $x04 $9390706310 244Z/01 $2Trx $#kellavalajad $#varpų liejikai $#bell-founders $#harangöntö $#ludwisarze $#zvonolejári $#zvonaři $8--Trx--Glockengießer $x05 $9391368621 244Z/01 $2Trx $8--Trx--Einzelbeiträge $x06 $9391384570 245Z/01 $a12.03 $x01 247C/01 $82080>Marburg/Lahn, Herder-Institut, Forschungsbibliothek, Bibliographieportal $9336309341
| LEADER | 00000caa a22000002c 4500 | ||
|---|---|---|---|
| 001 | 391514407 | ||
| 003 | DE-603 | ||
| 005 | 20210515205515.0 | ||
| 007 | tu | ||
| 008 | 161111s1996 xx |||| | u00||u|ger c | ||
| 035 | |a (DE-599)HEB391514407 | ||
| 040 | |a DE-603 |b ger |c DE-603 |d DE-603 | ||
| 041 | |a ger | ||
| 082 | 0 | 4 | |8 1\u |a 929.0943816 |q DE-101 |2 23/BSB |
| 085 | |8 1\u |b 929 | ||
| 085 | |8 1\u |z 2 |s 43816 | ||
| 100 | 1 | |a Tiede, Jürgen |d 1940- |0 (DE-603)152141413 |0 (DE-588)120567008 |2 gnd | |
| 245 | 0 | 0 | |a Borch (Derborg; Terborch; Terborg), Johannes de (Hans der) |
| 264 | 0 | |c 1996 | |
| 773 | 0 | 8 | |i In |t Saur Allgemeines Künstlerlexikon ; 12. Bobrov - Bordac̆ev |d München : Saur, 1996 |h XIV, 680 Seiten |z 3598227523 |g (1996), Seite 666 |w (DE-603)045721734 |
| 924 | 0 | |9 2080 |a (DE-603)787608556 |b DE-2080 |c HES |d d |g / | |


